000 00781nam a2200205Ia 4500
999 _c16082
_d16082
082 _aTP.0274
100 _aPawar, Chandrakant T.
245 0 _aIrrigation and its impact on agricultural landuse in upper Krishna Basin (Maharashtra ) : A geographical analysis
260 _c1981
_bShivaji University
300 _a369p. + C D - 47
650 _aAGRICULTURE - TECHNOLOGICAL INNOVATIONS//AGRICULTURAL INNOVATIONS
650 _aIRRIGATION///IRRIGATION FARMING
650 _aAGRICULTURAL INNOVATIONS - MAHARASHTRA - KRISHNA BASIN
650 _aIRRIGATION FARMING - MAHARASHTRA - KRISHNA BASIN
650 _aAGRICULTURE///IRRIGATION FARMING
650 _aIRRIGATED AGRICULTURE//IRRIGATION FARMING
650 _aINNOVATIONS, AGRI
710 _aShinde, S.D.
942 _cTH
_2ddc